<?xml version="1.0" encoding="UTF-8"?>
<record
    xmlns:xsi="http://www.w3.org/2001/XMLSchema-instance"
    xsi:schemaLocation="http://www.loc.gov/MARC21/slim http://www.loc.gov/standards/marcxml/schema/MARC21slim.xsd"
    xmlns="http://www.loc.gov/MARC21/slim">

  <leader>01239nam a22002897a 4500</leader>
  <controlfield tag="001">1084</controlfield>
  <controlfield tag="005">20250904081949.0</controlfield>
  <datafield tag="020" ind1=" " ind2=" ">
    <subfield code="a">9789995005061</subfield>
  </datafield>
  <datafield tag="040" ind1=" " ind2=" ">
    <subfield code="a">FISKH </subfield>
    <subfield code="b">eng</subfield>
    <subfield code="c">FISKH </subfield>
    <subfield code="d">FISKH </subfield>
  </datafield>
  <datafield tag="082" ind1=" " ind2=" ">
    <subfield code="a">629.222</subfield>
  </datafield>
  <datafield tag="100" ind1=" " ind2=" ">
    <subfield code="a">Dary, Heng </subfield>
  </datafield>
  <datafield tag="245" ind1=" " ind2=" ">
    <subfield code="a">&#x179F;&#x17C0;&#x179C;&#x1797;&#x17C5;&#x179A;&#x17BC;&#x1794;&#x1797;&#x17B6;&#x1796;&#x1799;&#x17B6;&#x1793;&#x17D2;&#x178F;&#x1787;&#x17C6;&#x1793;&#x17B7;&#x17C7; /</subfield>
  </datafield>
  <datafield tag="246" ind1=" " ind2=" ">
    <subfield code="a">Picture book vehicles </subfield>
  </datafield>
  <datafield tag="250" ind1=" " ind2=" ">
    <subfield code="a">9th Published in November, 2021</subfield>
  </datafield>
  <datafield tag="260" ind1=" " ind2=" ">
    <subfield code="a">Phnom Penh : </subfield>
    <subfield code="b">Sipar, </subfield>
    <subfield code="c">2021. </subfield>
  </datafield>
  <datafield tag="300" ind1=" " ind2=" ">
    <subfield code="a">28 unnumbered pages : </subfield>
    <subfield code="b">color illustrations ; </subfield>
    <subfield code="c">20 x 21 cm. </subfield>
  </datafield>
  <datafield tag="505" ind1=" " ind2=" ">
    <subfield code="a">G 
</subfield>
  </datafield>
  <datafield tag="520" ind1=" " ind2=" ">
    <subfield code="a">&#x179F;&#x17C0;&#x179C;&#x1797;&#x17C5;&#x1793;&#x17C1;&#x17C7;&#x179A;&#x17C0;&#x1794;&#x179A;&#x17B6;&#x1794;&#x17CB;&#x17A2;&#x17C6;&#x1796;&#x17B8;&#x1799;&#x17B6;&#x1793;&#x1787;&#x17C6;&#x1793;&#x17B7;&#x17C7;&#x179F;&#x1798;&#x17D2;&#x179A;&#x17B6;&#x1794;&#x17CB;&#x1792;&#x17D2;&#x179C;&#x17BE;&#x178A;&#x17C6;&#x178E;&#x17BE;&#x179A;&#x1791;&#x17B6;&#x17C6;&#x1784;&#x1793;&#x17C5;&#x179B;&#x17BE;&#x1795;&#x17D2;&#x179B;&#x17BC;&#x179C;&#x1782;&#x17C4;&#x1780; &#x1795;&#x17D2;&#x179B;&#x17BC;&#x179C;&#x1791;&#x17B9;&#x1780; &#x1795;&#x17D2;&#x179B;&#x17BC;&#x179C;&#x178A;&#x17C2;&#x1780; &#x1793;&#x17B7;&#x1784;&#x1795;&#x17D2;&#x179B;&#x17BC;&#x179C;&#x17A2;&#x17B6;&#x1780;&#x17B6;&#x179F;&#x17D4;</subfield>
  </datafield>
  <datafield tag="520" ind1=" " ind2=" ">
    <subfield code="a">This book describes vehicles that travel on the road, on water, by rail, and in the air.</subfield>
  </datafield>
  <datafield tag="521" ind1=" " ind2=" ">
    <subfield code="a">350 
</subfield>
    <subfield code="b">Lexile estimate 
</subfield>
  </datafield>
  <datafield tag="521" ind1=" " ind2=" ">
    <subfield code="a">G 
</subfield>
    <subfield code="b">Raz-Plus </subfield>
  </datafield>
  <datafield tag="650" ind1=" " ind2=" ">
    <subfield code="a">&#x1799;&#x17B6;&#x1793;&#x17D2;&#x178F;&#x1787;&#x17C6;&#x1793;&#x17B7;&#x17C7;</subfield>
    <subfield code="v">&#x1793;&#x17C5;&#x178F;&#x17B6;&#x1798;&#x178A;&#x1784;&#x1795;&#x17D2;&#x179B;&#x17BC;&#x179C;</subfield>
  </datafield>
  <datafield tag="650" ind1=" " ind2=" ">
    <subfield code="a">Vehicles </subfield>
    <subfield code="v">on the roads</subfield>
  </datafield>
  <datafield tag="700" ind1=" " ind2=" ">
    <subfield code="a">Vanthary, Oum </subfield>
    <subfield code="c">Editor</subfield>
  </datafield>
  <datafield tag="700" ind1=" " ind2=" ">
    <subfield code="a">Visuth, Seng</subfield>
    <subfield code="c">illustrator</subfield>
  </datafield>
  <datafield tag="942" ind1=" " ind2=" ">
    <subfield code="2">ddc</subfield>
    <subfield code="c">BK</subfield>
    <subfield code="n">0</subfield>
  </datafield>
  <datafield tag="999" ind1=" " ind2=" ">
    <subfield code="c">1084</subfield>
    <subfield code="d">1084</subfield>
  </datafield>
  <datafield tag="952" ind1=" " ind2=" ">
    <subfield code="0">0</subfield>
    <subfield code="1">0</subfield>
    <subfield code="2">ddc</subfield>
    <subfield code="4">0</subfield>
    <subfield code="7">0</subfield>
    <subfield code="8">Khmer-English Bilingual </subfield>
    <subfield code="a">001</subfield>
    <subfield code="b">001</subfield>
    <subfield code="c">KHRS</subfield>
    <subfield code="d">2023-07-21</subfield>
    <subfield code="l">0</subfield>
    <subfield code="o">DAR 629.222</subfield>
    <subfield code="p">2023-0142</subfield>
    <subfield code="r">2023-07-21 12:13:48</subfield>
    <subfield code="t">1</subfield>
    <subfield code="w">2023-07-21</subfield>
    <subfield code="y">KHB</subfield>
  </datafield>
  <datafield tag="952" ind1=" " ind2=" ">
    <subfield code="0">0</subfield>
    <subfield code="1">0</subfield>
    <subfield code="2">ddc</subfield>
    <subfield code="4">0</subfield>
    <subfield code="7">0</subfield>
    <subfield code="8">Khmer-English Bilingual </subfield>
    <subfield code="a">001</subfield>
    <subfield code="b">001</subfield>
    <subfield code="c">KHRS</subfield>
    <subfield code="d">2023-07-21</subfield>
    <subfield code="l">2</subfield>
    <subfield code="o">DAR 629.222</subfield>
    <subfield code="p">2023-0143</subfield>
    <subfield code="r">2025-08-29 14:41:24</subfield>
    <subfield code="s">2025-08-07</subfield>
    <subfield code="t">2</subfield>
    <subfield code="w">2023-07-21</subfield>
    <subfield code="y">KHB</subfield>
  </datafield>
  <datafield tag="952" ind1=" " ind2=" ">
    <subfield code="0">0</subfield>
    <subfield code="1">0</subfield>
    <subfield code="2">ddc</subfield>
    <subfield code="4">0</subfield>
    <subfield code="7">0</subfield>
    <subfield code="8">Khmer-English Bilingual </subfield>
    <subfield code="a">001</subfield>
    <subfield code="b">001</subfield>
    <subfield code="c">KHRS</subfield>
    <subfield code="d">2024-07-01</subfield>
    <subfield code="l">0</subfield>
    <subfield code="o">DAR 629.222</subfield>
    <subfield code="p">FISTKKB116</subfield>
    <subfield code="r">2024-07-01 08:12:09</subfield>
    <subfield code="t">3</subfield>
    <subfield code="w">2024-07-01</subfield>
    <subfield code="y">KHB</subfield>
  </datafield>
  <datafield tag="952" ind1=" " ind2=" ">
    <subfield code="0">0</subfield>
    <subfield code="1">0</subfield>
    <subfield code="2">ddc</subfield>
    <subfield code="4">0</subfield>
    <subfield code="7">0</subfield>
    <subfield code="8">Khmer-English Bilingual </subfield>
    <subfield code="a">001</subfield>
    <subfield code="b">001</subfield>
    <subfield code="c">KHRS</subfield>
    <subfield code="d">2024-07-01</subfield>
    <subfield code="l">0</subfield>
    <subfield code="o">DAR 629.222</subfield>
    <subfield code="p">FISTK03495</subfield>
    <subfield code="r">2024-07-01 08:12:31</subfield>
    <subfield code="t">4</subfield>
    <subfield code="w">2024-07-01</subfield>
    <subfield code="y">KHB</subfield>
  </datafield>
  <datafield tag="952" ind1=" " ind2=" ">
    <subfield code="0">0</subfield>
    <subfield code="1">0</subfield>
    <subfield code="2">ddc</subfield>
    <subfield code="4">0</subfield>
    <subfield code="7">0</subfield>
    <subfield code="8">Khmer-English Bilingual </subfield>
    <subfield code="a">001</subfield>
    <subfield code="b">001</subfield>
    <subfield code="c">KHRS</subfield>
    <subfield code="d">2024-07-01</subfield>
    <subfield code="l">1</subfield>
    <subfield code="o">DAR 629.222</subfield>
    <subfield code="p">FISTKKA124</subfield>
    <subfield code="r">2025-11-13 14:38:21</subfield>
    <subfield code="s">2025-08-22</subfield>
    <subfield code="t">5</subfield>
    <subfield code="w">2024-07-01</subfield>
    <subfield code="y">KHB</subfield>
  </datafield>
  <datafield tag="952" ind1=" " ind2=" ">
    <subfield code="0">0</subfield>
    <subfield code="1">0</subfield>
    <subfield code="2">ddc</subfield>
    <subfield code="4">0</subfield>
    <subfield code="7">0</subfield>
    <subfield code="8">Khmer-English Bilingual </subfield>
    <subfield code="a">001</subfield>
    <subfield code="b">001</subfield>
    <subfield code="c">KHRS</subfield>
    <subfield code="d">2024-07-01</subfield>
    <subfield code="l">0</subfield>
    <subfield code="o">DAR 629.222</subfield>
    <subfield code="p">FISTK03499</subfield>
    <subfield code="r">2024-07-01 08:13:09</subfield>
    <subfield code="t">6</subfield>
    <subfield code="w">2024-07-01</subfield>
    <subfield code="y">KHB</subfield>
  </datafield>
  <datafield tag="952" ind1=" " ind2=" ">
    <subfield code="0">0</subfield>
    <subfield code="1">0</subfield>
    <subfield code="2">ddc</subfield>
    <subfield code="4">1</subfield>
    <subfield code="7">0</subfield>
    <subfield code="8">Khmer-English Bilingual </subfield>
    <subfield code="a">001</subfield>
    <subfield code="b">001</subfield>
    <subfield code="c">KHRS</subfield>
    <subfield code="d">2024-07-01</subfield>
    <subfield code="l">0</subfield>
    <subfield code="o">DAR 629.222</subfield>
    <subfield code="p">FISTK03496</subfield>
    <subfield code="r">2024-07-01 08:13:27</subfield>
    <subfield code="t">7</subfield>
    <subfield code="w">2024-07-01</subfield>
    <subfield code="y">KHB</subfield>
  </datafield>
  <datafield tag="952" ind1=" " ind2=" ">
    <subfield code="0">0</subfield>
    <subfield code="1">0</subfield>
    <subfield code="2">ddc</subfield>
    <subfield code="4">0</subfield>
    <subfield code="7">0</subfield>
    <subfield code="8">Khmer-English Bilingual </subfield>
    <subfield code="a">002</subfield>
    <subfield code="b">001</subfield>
    <subfield code="c">TTP Khmer</subfield>
    <subfield code="d">2024-07-12</subfield>
    <subfield code="l">2</subfield>
    <subfield code="o">DAR 629.222</subfield>
    <subfield code="p">FISBK072181</subfield>
    <subfield code="r">2025-12-01 16:13:38</subfield>
    <subfield code="s">2025-11-13</subfield>
    <subfield code="t">8</subfield>
    <subfield code="w">2024-07-12</subfield>
    <subfield code="y">KHB</subfield>
  </datafield>
  <datafield tag="952" ind1=" " ind2=" ">
    <subfield code="0">0</subfield>
    <subfield code="1">0</subfield>
    <subfield code="2">ddc</subfield>
    <subfield code="4">0</subfield>
    <subfield code="7">0</subfield>
    <subfield code="8">Khmer-English Bilingual </subfield>
    <subfield code="a">001</subfield>
    <subfield code="b">001</subfield>
    <subfield code="c">KHRS</subfield>
    <subfield code="d">2024-07-12</subfield>
    <subfield code="l">0</subfield>
    <subfield code="o">DAR 629.222</subfield>
    <subfield code="p">FISBK072008</subfield>
    <subfield code="r">2024-07-12 15:19:58</subfield>
    <subfield code="t">9</subfield>
    <subfield code="w">2024-07-12</subfield>
    <subfield code="y">KHB</subfield>
  </datafield>
  <datafield tag="952" ind1=" " ind2=" ">
    <subfield code="0">0</subfield>
    <subfield code="1">0</subfield>
    <subfield code="2">ddc</subfield>
    <subfield code="4">0</subfield>
    <subfield code="7">0</subfield>
    <subfield code="8">Khmer-English Bilingual </subfield>
    <subfield code="a">001</subfield>
    <subfield code="b">001</subfield>
    <subfield code="c">KHRS</subfield>
    <subfield code="d">2025-10-01</subfield>
    <subfield code="l">0</subfield>
    <subfield code="o">DAR 629.222</subfield>
    <subfield code="p">2025-4457</subfield>
    <subfield code="r">2025-10-01 14:42:50</subfield>
    <subfield code="t">10</subfield>
    <subfield code="w">2025-10-01</subfield>
    <subfield code="y">KHB</subfield>
  </datafield>
</record>
